| 000 | 01018cam a2200241 4500 | ||
|---|---|---|---|
| 001 | WB3712-29 | ||
| 008 | 000000n2001 000 0 eng u | ||
| 035 | _a(Sirsi) u111594 | ||
| 245 | _aPlaying fields get better protection | ||
| 260 | _c2001 | ||
| 490 |
_aYorkshire Post _v22 March 2001, 4(1) |
||
| 520 | _aThe Government has announced plans to tighten planning rules on the development of school and community sports facilities. New guidance advises local authorities to carry out audits of recreation space and provide additional facilities if shortfalls are identified. Open space may only be sold off where it can be shown that it is not needed for outdoor recreation. | ||
| 590 | _aWB | ||
| 650 | _aPLANNING GUIDANCE | ||
| 650 | _aPUBLIC SPACE | ||
| 650 | _aRECREATION GROUNDS | ||
| 650 | _aRECREATIONAL LAND | ||
| 650 | _aSCHOOL PLAYING FIELDS | ||
| 650 | _aSPORTS FACILITIES | ||
| 650 | _aSPORTS GROUNDS | ||
| 690 | _aENVIRONMENTAL AND LAND CONSULTANCY-PLANNING AND DEVELOPMENT | ||
| 942 | _n0 | ||
| 999 |
_c66487 _d66487 |
||